[Event "29th NATO Chess Championship"]
[Site "Lubbock"]
[Date "2018.06.08"]
[Round "7.9"]
[White "Kraft, Chip"]
[Black "Werksma, Arie"]
[Result "0-1"]
[WhiteElo "1950"]
[BlackElo "2199"]
[PlyCount "90"]
[EventDate "2018.06.04"]
[EventType "swiss"]
[EventRounds "7"]
[EventCountry "USA"]
[SourceVersion "1"]
[SourceVersionDate "2018.06.14"]
[SourceQuality "1"]
[WhiteTeam "UNITED STATES"]
[BlackTeam "NETHERLANDS"]
[WhiteTeamCountry "USA"]
[BlackTeamCountry "NED"]

1. c4 Nf6 2. g3 e6 3. Nf3 b6 4. Bg2 Bb7 5. O-O c5 6. Nc3 Be7 7. b3 O-O 8. Bb2
a6 9. e3 d6 10. Qe2 Qc7 11. d3 Re8 12. Ne1 Bxg2 13. Nxg2 Nc6 14. f4 d5 15. Nd1
Rad8 16. g4 b5 17. g5 Nd7 18. cxd5 exd5 19. Rf3 Nf8 20. Nh4 Qd7 21. Nf2 Nd4 22.
exd4 Bxg5 23. Qxe8 Rxe8 24. fxg5 Re2 25. Rb1 cxd4 26. Nf5 Ne6 27. Nxd4 Rxb2 28.
Rxb2 Nxd4 29. Re3 h6 30. gxh6 Qc6 31. Rb1 Qxh6 32. Rbe1 Ne6 33. a4 bxa4 34.
bxa4 Qf4 35. Re5 Ng5 36. Re8+ Kh7 37. Kg2 Nf3 38. R1e3 Nh4+ 39. Kg1 Qxa4 40. h3
Qf4 41. Kf1 a5 42. Ke2 Nf5 43. R3e5 a4 44. Rxd5 Ng3+ 45. Ke1 Qb4+ 0-1

[Event "29th NATO Chess Championship"]
[Site "Lubbock"]
[Date "2018.06.08"]
[Round "7.10"]
[White "Kedzierski, Slawomir"]
[Black "Schott, Guido"]
[Result "1-0"]
[WhiteElo "2146"]
[BlackElo "2127"]
[PlyCount "59"]
[EventDate "2018.06.04"]
[EventType "swiss"]
[EventRounds "7"]
[EventCountry "USA"]
[SourceVersion "1"]
[SourceVersionDate "2018.06.14"]
[SourceQuality "1"]
[WhiteTeam "NATO A"]
[BlackTeam "NATO B"]

1. d4 d6 2. c4 Nf6 3. Nf3 Bf5 4. Nc3 Nbd7 5. Nh4 Bg6 6. Nxg6 hxg6 7. g3 c6 8.
Bg2 e5 9. O-O Be7 10. b3 Qc7 11. Bb2 O-O-O 12. a4 Ng4 13. h3 Nh6 14. a5 Nf5 15.
e3 exd4 16. exd4 Bf6 17. Ne4 Kb8 18. b4 Rde8 19. a6 b6 20. b5 c5 21. Qf3 Kc8
22. Nxf6 gxf6 23. dxc5 dxc5 24. Rfd1 Re6 25. Qb7+ Qxb7 26. axb7+ Kc7 27. b8=Q+
Nxb8 28. Rxa7+ Kc8 29. Bb7+ Kc7 30. Ba6# 1-0

[Event "29th NATO Chess Championship"]
[Site "Lubbock"]
[Date "2018.06.08"]
[Round "7.11"]
[White "Onley, David"]
[Black "Sypien, Mateusz"]
[Result "0-1"]
[WhiteElo "2113"]
[BlackElo "2248"]
[PlyCount "64"]
[EventDate "2018.06.04"]
[EventType "swiss"]
[EventRounds "7"]
[EventCountry "USA"]
[SourceVersion "1"]
[SourceVersionDate "2018.06.14"]
[SourceQuality "1"]
[WhiteTeam "UNITED KINGDOM"]
[BlackTeam "POLAND"]
[BlackTeamCountry "POL"]

1. e4 c5 2. Nf3 d6 3. d4 cxd4 4. Nxd4 Nf6 5. Nc3 g6 6. Be2 Bg7 7. O-O Nc6 8.
Nb3 O-O 9. Be3 Be6 10. f4 Qc8 11. Kh1 Rd8 12. Bf3 Bg4 13. h3 Bxf3 14. Qxf3 b6
15. Rad1 Nd7 16. Nd5 e6 17. Nc3 Nc5 18. Nb5 Bf8 19. Nxc5 bxc5 20. c4 a6 21. Nc3
Rb8 22. e5 Rxb2 23. Ne4 Rxa2 24. exd6 Nd4 25. d7 Rxd7 26. Nf6+ Kg7 27. Qe4 Kxf6
28. Rxd4 cxd4 29. Bxd4+ Ke7 30. Qe5 Qc6 31. Qg5+ Ke8 32. Rb1 Be7 0-1

[Event "29th NATO Chess Championship"]
[Site "Lubbock"]
[Date "2018.06.08"]
[Round "7.12"]
[White "Aagaard, Gert"]
[Black "Mouroutis, Konstantinos"]
[Result "0-1"]
[WhiteElo "2042"]
[BlackElo "2205"]
[PlyCount "79"]
[EventDate "2018.06.04"]
[EventType "swiss"]
[EventRounds "7"]
[EventCountry "USA"]
[SourceVersion "1"]
[SourceVersionDate "2018.06.14"]
[SourceQuality "1"]
[WhiteTeam "DENMARK"]
[BlackTeam "GREECE"]
[WhiteTeamCountry "DEN"]
[BlackTeamCountry "GRE"]

1. d4 d5 2. c4 dxc4 3. Nf3 e6 4. e3 b5 5. a4 c6 6. axb5 cxb5 7. b3 Bb4+ 8. Bd2
Bxd2+ 9. Nfxd2 a5 10. bxc4 b4 11. Bd3 Nf6 12. O-O Bb7 13. f4 O-O 14. Qe1 Nbd7
15. Nf3 Nc5 16. Bc2 Nce4 17. Ne5 Nd7 18. Nd2 Nxd2 19. Qxd2 f5 20. Nf3 Nf6 21.
Ne5 Ne4 22. Qe1 Qc7 23. Rf3 Qe7 24. g4 fxg4 25. Nxg4 Ng5 26. Rg3 Nf3+ 27. Rxf3
Bxf3 28. Ne5 Bb7 29. Qg3 Rf6 30. Qh4 g6 31. Ng4 Rf7 32. Qh3 Rf5 33. Bxf5 exf5
34. Ne5 Be4 35. d5 b3 36. Nc6 Qc5 37. Kf2 b2 38. Qf1 bxa1=Q 39. Qxa1 Qf8 40.
Ne5 0-1

[Event "29th NATO Chess Championship"]
[Site "Lubbock"]
[Date "2018.06.08"]
[Round "7.13"]
[White "Kersic, Matej"]
[Black "Nikomanis, Andreas"]
[Result "1/2-1/2"]
[WhiteElo "2119"]
[BlackElo "2045"]
[PlyCount "100"]
[EventDate "2018.06.04"]
[EventType "swiss"]
[EventRounds "7"]
[EventCountry "USA"]
[SourceVersion "1"]
[SourceVersionDate "2018.06.14"]
[SourceQuality "1"]
[WhiteTeam "SLOVENIA"]
[BlackTeam "GREECE"]
[WhiteTeamCountry "SLO"]
[BlackTeamCountry "GRE"]

1. e4 c5 2. Nf3 d6 3. d4 cxd4 4. Nxd4 Nf6 5. Nc3 g6 6. Be2 Bg7 7. O-O O-O 8.
Re1 Nc6 9. Nb3 Be6 10. Bf1 d5 11. Nc5 dxe4 12. Nxe6 Qxd1 13. Rxd1 fxe6 14. Bc4
Kf7 15. Bg5 Rad8 16. Bxf6 exf6 17. Nxe4 Rxd1+ 18. Rxd1 Rd8 19. Rd6 Rxd6 20.
Nxd6+ Ke7 21. Nxb7 f5 22. c3 Bh6 23. Nc5 Na5 24. Bxe6 Kd6 25. b4 Bd2 26. Bg8
Bxc3 27. Nd3 Nc6 28. Bxh7 Ne7 29. Nf4 g5 30. Nd3 Kd5 31. Kf1 Ke4 32. Ke2 Nd5
33. f3+ Kd4 34. Bxf5 Nxb4 35. a4 Nxd3 36. Bxd3 Bb4 37. Be4 Ke5 38. Kf2 Kf4 39.
g3+ Ke5 40. Bb7 Bc5+ 41. Kg2 Bd4 42. f4+ gxf4 43. g4 Bc3 44. h4 Be1 45. Kh3 f3
46. Bxf3 Kf4 47. Bd1 Bb4 48. g5 Be7 49. Kg2 Bd8 50. Kf2 Be7 1/2-1/2

[Event "29th NATO Chess Championship"]
[Site "Lubbock"]
[Date "2018.06.08"]
[Round "7.14"]
[White "Wells, Daniel J"]
[Black "Sauer, Marko"]
[Result "1-0"]
[WhiteElo "2014"]
[BlackElo "2119"]
[PlyCount "122"]
[EventDate "2018.06.04"]
[EventType "swiss"]
[EventRounds "7"]
[EventCountry "USA"]
[SourceVersion "1"]
[SourceVersionDate "2018.06.14"]
[SourceQuality "1"]
[WhiteTeam "UNITED KINGDOM"]
[BlackTeam "GERMANY"]
[BlackTeamCountry "GER"]

1. d4 Nf6 2. Bf4 d5 3. e3 e6 4. Nd2 c5 5. c3 Nc6 6. Bd3 Bd6 7. Bxd6 Qxd6 8. f4
h6 9. a3 cxd4 10. cxd4 g5 11. g3 gxf4 12. gxf4 Bd7 13. Ngf3 O-O-O 14. Ne5 Qe7
15. Qe2 Rhg8 16. O-O-O Rg7 17. Rhg1 Rdg8 18. Ndf3 Ne8 19. Rxg7 Rxg7 20. Rg1
Rxg1+ 21. Nxg1 f6 22. Nxc6 Bxc6 23. Nf3 Qg7 24. Qf2 Kd7 25. Qg3 Ke7 26. Kd2 Kf7
27. f5 Qxg3 28. hxg3 exf5 29. Nh4 Bd7 30. Bxf5 Bxf5 31. Nxf5 h5 32. Kd3 b6 33.
e4 Nc7 34. exd5 Nxd5 35. Ke4 Nc7 36. d5 Na6 37. b4 Nb8 38. Nd6+ Kg6 39. Nc8 Nd7
40. Nxa7 Kg5 41. Nc6 Kg4 42. Nd4 Kxg3 43. Nf5+ Kg4 44. Ne3+ Kg5 45. a4 h4 46.
a5 bxa5 47. bxa5 Nc5+ 48. Kf3 f5 49. d6 Kf6 50. Nxf5 Ke6 51. Kg4 Kd7 52. Kxh4
Kc6 53. Kg4 Kb5 54. Nd4+ Ka6 55. Kf5 Nb7 56. d7 Kxa5 57. Kf6 Kb6 58. Ke7 Kc7
59. Nb5+ Kc6 60. Nd6 Nd8 61. Kxd8 Kxd6 1-0

[Event "29th NATO Chess Championship"]
[Site "Lubbock"]
[Date "2018.06.08"]
[Round "7.15"]
[White "Stankowski, Aleksander"]
[Black "Mestek, Igor"]
[Result "0-1"]
[WhiteElo "1987"]
[BlackElo "2099"]
[PlyCount "164"]
[EventDate "2018.06.04"]
[EventType "swiss"]
[EventRounds "7"]
[EventCountry "USA"]
[SourceVersion "1"]
[SourceVersionDate "2018.06.14"]
[SourceQuality "1"]
[WhiteTeam "NATO B"]
[BlackTeam "SLOVENIA"]
[BlackTeamCountry "SLO"]

1. Nf3 Nf6 2. g3 b6 3. Bg2 Bb7 4. O-O e6 5. d4 Be7 6. c4 O-O 7. Nc3 d5 8. Ne5
Nbd7 9. Qa4 c6 10. Nxc6 Bxc6 11. Qxc6 Rc8 12. Qa4 Rxc4 13. Qxa7 Rxd4 14. e4
dxe4 15. Be3 Rc4 16. Rfd1 Qc8 17. Bxe4 Rc7 18. Qa4 Rc4 19. Qb5 Rb4 20. Qc6 Rxb2
21. Bg2 Rc2 22. Qxc8 Rxc8 23. Ne4 Nd5 24. Bd4 h6 25. h3 Ra8 26. Nc3 Ra5 27. Be4
Nxc3 28. Bxc3 Rxc3 29. Rxd7 Bf6 30. Rad1 g6 31. Rb7 Rc4 32. Bb1 Bd4 33. Bd3 Rb4
34. Rc1 Bc5 35. Bc4 Rb2 36. Rf1 Ra4 37. Bb3 Rd4 38. Rb8+ Kg7 39. Rb7 Kf6 40. h4
Rdd2 41. Rc7 Rxf2 42. Rxf2+ Bxf2+ 43. Kg2 Bc5+ 44. Kh3 h5 45. g4 hxg4+ 46. Kxg4
Rg2+ 47. Kf3 Rf2+ 48. Kg4 Rg2+ 49. Kh3 Rg3+ 50. Kxg3 Bd6+ 51. Kg4 Bxc7 52. Bc2
Ke5 53. Ba4 Bd8 54. Be8 f5+ 55. Kg3 Kf6 56. h5 Bc7+ 57. Kf3 gxh5 58. Bxh5 b5
59. Ke3 Bb6+ 60. Kd3 Bc5 61. Be8 b4 62. Bc6 Ke5 63. Bd7 Kd5 64. Bc8 Be7 65.
Bb7+ Ke5 66. Bc8 Bf8 67. Bb7 Bc5 68. Bc8 Bf2 69. Bb7 Kf4 70. Ke2 Bb6 71. Kd3
Bf2 72. Ke2 Be3 73. Kd3 e5 74. Kc4 Bd2 75. Kd3 Bc3 76. a3 e4+ 77. Kc2 bxa3 78.
Kxc3 a2 79. Kb2 e3 80. Ba6 Kf3 81. Bb7+ Kf2 82. Bc8 f4 0-1

[Event "29th NATO Chess Championship"]
[Site "Lubbock"]
[Date "2018.06.08"]
[Round "7.16"]
[White "Cichy, Kamil"]
[Black "Farrell, John F"]
[Result "1-0"]
[WhiteElo "2094"]
[BlackElo "2008"]
[PlyCount "117"]
[EventDate "2018.06.04"]
[EventType "swiss"]
[EventRounds "7"]
[EventCountry "USA"]
[SourceVersion "1"]
[SourceVersionDate "2018.06.14"]
[SourceQuality "1"]
[WhiteTeam "POLAND"]
[BlackTeam "NATO A"]
[WhiteTeamCountry "POL"]

1. e4 e5 2. Nf3 Nf6 3. Nc3 Bb4 4. Bd3 O-O 5. O-O Re8 6. Re1 c6 7. a3 Ba5 8. b4
Bc7 9. Bf1 d5 10. d3 h6 11. exd5 cxd5 12. Nb5 Bg4 13. Nxc7 Qxc7 14. h3 Bh5 15.
g4 Bg6 16. Bg2 Nbd7 17. Bb2 Rad8 18. Rc1 e4 19. Nh4 Bh7 20. Qd2 exd3 21. cxd3
Rxe1+ 22. Rxe1 Qd6 23. Bd4 b6 24. Re3 Rc8 25. f4 g5 26. fxg5 hxg5 27. Nf3 Qf4
28. Bb2 Rc2 29. Qxc2 Qxe3+ 30. Qf2 Qf4 31. Qe2 Bg6 32. Ne5 Nxe5 33. Bxe5 Qc1+
34. Kh2 Qc6 35. Qe3 Nd7 36. Bb2 Qd6+ 37. Kh1 Qf4 38. Qxf4 gxf4 39. Bxd5 Bxd3
40. Kg2 Be2 41. Bb3 Nf8 42. Kf2 Bd3 43. Kf3 Ng6 44. Bf6 Bb5 45. Bd5 a5 46. h4
axb4 47. axb4 Bd3 48. h5 Nf8 49. Kxf4 Ne6+ 50. Kg3 Be2 51. Be4 Nf8 52. Kh4 b5
53. Bd5 Ne6 54. Bxe6 fxe6 55. g5 Kh7 56. g6+ Kh6 57. Bg5+ Kg7 58. Be7 Bd3 59.
Kg5 1-0

[Event "29th NATO Chess Championship"]
[Site "Lubbock"]
[Date "2018.06.08"]
[Round "7.17"]
[White "Tammisto, Janek"]
[Black "Williams, Abiye"]
[Result "0-1"]
[WhiteElo "1940"]
[BlackElo "2064"]
[PlyCount "84"]
[EventDate "2018.06.04"]
[EventType "swiss"]
[EventRounds "7"]
[EventCountry "USA"]
[SourceVersion "1"]
[SourceVersionDate "2018.06.14"]
[SourceQuality "1"]
[WhiteTeam "ESTONIA"]
[BlackTeam "UNITED STATES"]
[WhiteTeamCountry "EST"]
[BlackTeamCountry "USA"]

1. d4 f5 2. Bg5 Nf6 3. Bxf6 exf6 4. e3 d5 5. c4 dxc4 6. Bxc4 Qd6 7. Qb3 Qb4+ 8.
Nc3 Qxb3 9. Bxb3 a6 10. O-O-O Nc6 11. Nge2 Na5 12. Bc2 Bd6 13. g3 Bd7 14. Nf4
Kf7 15. Rhe1 b5 16. a3 b4 17. axb4 Bxb4 18. Nd3 Bd6 19. Nc5 Bxc5 20. dxc5 Be6
21. Nd5 Rac8 22. Nb4 Ra8 23. Rd3 Rhb8 24. Nd5 Ra7 25. Red1 Rab7 26. Ra3 Nc6 27.
b3 a5 28. Kb2 Rd8 29. Nf4 Rxd1 30. Bxd1 Rb5 31. Nxe6 Kxe6 32. Be2 Rxc5 33. Bc4+
Ke5 34. Ra4 Ke4 35. Be2+ Nb4 36. Ka3 h6 37. h3 h5 38. h4 g6 39. Bc4 Kf3 40. Bf7
Kxf2 41. Bxg6 Kxg3 42. Bxh5 f4 0-1

[Event "29th NATO Chess Championship"]
[Site "Lubbock"]
[Date "2018.06.08"]
[Round "7.18"]
[White "Balmaceda, Enrico"]
[Black "Wagenaar, Harm Theo"]
[Result "1/2-1/2"]
[WhiteElo "2063"]
[BlackElo "1911"]
[PlyCount "59"]
[EventDate "2018.06.04"]
[EventType "swiss"]
[EventRounds "7"]
[EventCountry "USA"]
[SourceVersion "1"]
[SourceVersionDate "2018.06.14"]
[SourceQuality "1"]
[WhiteTeam "UNITED STATES"]
[BlackTeam "NETHERLANDS"]
[WhiteTeamCountry "USA"]
[BlackTeamCountry "NED"]

1. Nf3 d5 2. c4 c6 3. b3 e6 4. g3 Nf6 5. Bg2 Be7 6. O-O O-O 7. Bb2 Nbd7 8. d3
b6 9. Nc3 Bb7 10. Qc2 Rc8 11. Rad1 Qc7 12. e4 Rfd8 13. Rfe1 dxe4 14. dxe4 c5
15. Nb5 Qb8 16. e5 Ne8 17. Qe2 a6 18. Nc3 Nf8 19. Nd2 Bxg2 20. Kxg2 Qb7+ 21.
Kg1 Rc7 22. Nde4 Rcd7 23. f3 Rxd1 24. Rxd1 Rxd1+ 25. Qxd1 Qd7 26. Kf2 Qxd1 27.
Nxd1 f6 28. Ke3 f5 29. Nef2 g5 30. f4 1/2-1/2

[Event "29th NATO Chess Championship"]
[Site "Lubbock"]
[Date "2018.06.08"]
[Round "7.19"]
[White "Ntalampiras, Spyros"]
[Black "Oblak, Nicholas"]
[Result "0-1"]
[WhiteElo "1780"]
[BlackElo "2036"]
[PlyCount "94"]
[EventDate "2018.06.04"]
[EventType "swiss"]
[EventRounds "7"]
[EventCountry "USA"]
[SourceVersion "1"]
[SourceVersionDate "2018.06.14"]
[SourceQuality "1"]
[WhiteTeam "GREECE"]
[BlackTeam "UNITED STATES"]
[WhiteTeamCountry "GRE"]
[BlackTeamCountry "USA"]

1. e4 c5 2. Nf3 Nc6 3. d4 cxd4 4. Nxd4 d6 5. c4 Nf6 6. Nc3 g6 7. Be3 Ng4 8. Nc2
Nxe3 9. Nxe3 Bg7 10. Qd2 Bd7 11. Bd3 Rc8 12. O-O O-O 13. Rad1 Qa5 14. Ned5 Qd8
15. b3 Bg4 16. Be2 Qd7 17. Bxg4 Qxg4 18. Qe2 Qd7 19. Qd2 Rfd8 20. Ne2 e6 21.
Ne3 Qc7 22. Kh1 Qb6 23. f4 Re8 24. Rf3 Rcd8 25. g4 Qa5 26. Qxa5 Nxa5 27. Rd2
Nc6 28. g5 f5 29. gxf6 Bxf6 30. Kg2 Bg7 31. Nc2 Re7 32. Rfd3 e5 33. fxe5 Bxe5
34. Ned4 Bxd4 35. Nxd4 Nb4 36. Re3 d5 37. cxd5 Nxd5 38. Re1 Nf4+ 39. Kg3 Ne6
40. Nf3 Rxd2 41. Nxd2 Rd7 42. Re2 Rd3+ 43. Nf3 Ng5 44. Rc2 Nxf3 45. Kf4 g5+ 46.
Kg4 Kg7 47. Rc7+ Kf6 0-1

[Event "29th NATO Chess Championship"]
[Site "Lubbock"]
[Date "2018.06.08"]
[Round "7.21"]
[White "Peraino, Andrew"]
[Black "Dekker, Ard E"]
[Result "1-0"]
[WhiteElo "1868"]
[BlackElo "1955"]
[PlyCount "137"]
[EventDate "2018.06.04"]
[EventType "swiss"]
[EventRounds "7"]
[EventCountry "USA"]
[SourceVersion "1"]
[SourceVersionDate "2018.06.14"]
[SourceQuality "1"]

1. e4 c6 2. d4 d5 3. e5 Bf5 4. Nf3 e6 5. Be2 Ne7 6. O-O Nd7 7. Nbd2 c5 8. c3
Nc6 9. Re1 c4 10. a4 a6 11. b4 b5 12. Nf1 Be7 13. Ng3 Bg6 14. Bf1 O-O 15. Nd2
Nb6 16. a5 Na4 17. Rxa4 bxa4 18. Qxa4 Qd7 19. Qa1 f5 20. f4 h6 21. Nf3 Be8 22.
h4 Qd8 23. h5 Bh4 24. Nxh4 Qxh4 25. Kf2 Bxh5 26. Bxc4 Be8 27. Be2 Qd8 28. Bd2
Ne7 29. Rb1 Bb5 30. Bxb5 axb5 31. Ne2 Kf7 32. Nc1 Nc6 33. g3 g5 34. Nd3 g4 35.
Rh1 Rh8 36. Nc5 h5 37. Rh4 Qe7 38. Ke3 Rh7 39. Be1 Rah8 40. Bf2 Qa7 41. Qb2 Ne7
42. Qe2 Qb8 43. Nd7 Qb7 44. Nc5 Qc6 45. Qe1 Ng6 46. Rh2 Nf8 47. Qh1 Nd7 48. Kd3
Nf8 49. Ke3 Ng6 50. Qe1 Rh6 51. Qh1 R8h7 52. Qe1 Ke8 53. Qf1 Kd8 54. Qe1 Kc8
55. Qh1 Qe8 56. Qe1 Kc7 57. Qh1 Qe7 58. c4 bxc4 59. b5 Kb8 60. b6 Qe8 61. Qb1
Ne7 62. a6 Nc6 63. Qb5 Re7 64. Rh1 Rhh7 65. Rb1 Qc8 66. b7 Qc7 67. Qxc6 Qxc6
68. a7+ Kxa7 69. b8=Q# 1-0

[Event "29th NATO Chess Championship"]
[Site "Lubbock"]
[Date "2018.06.08"]
[Round "7.22"]
[White "Nilsson, Erik"]
[Black "Portman, Carl S"]
[Result "1/2-1/2"]
[WhiteElo "2071"]
[BlackElo "1886"]
[PlyCount "33"]
[EventDate "2018.06.04"]
[EventType "swiss"]
[EventRounds "7"]
[EventCountry "USA"]
[SourceVersion "1"]
[SourceVersionDate "2018.06.14"]
[SourceQuality "1"]

1. d4 e6 2. c4 Nf6 3. Nc3 Bb4 4. e3 O-O 5. Bd3 b6 6. Nge2 Bb7 7. O-O Bxc3 8.
Nxc3 d6 9. b3 Nbd7 10. Bb2 Re8 11. f3 c5 12. Qd2 cxd4 13. exd4 d5 14. Rfd1 Nf8
15. Bf1 Rc8 16. a4 Ng6 17. Qf2 1/2-1/2

[Event "29th NATO Chess Championship"]
[Site "Lubbock"]
[Date "2018.06.08"]
[Round "7.23"]
[White "Duren, Andrew"]
[Black "Cheung, Jan W"]
[Result "1/2-1/2"]
[WhiteElo "1982"]
[BlackElo "2043"]
[PlyCount "85"]
[EventDate "2018.06.04"]
[EventType "swiss"]
[EventRounds "7"]
[EventCountry "USA"]
[SourceVersion "1"]
[SourceVersionDate "2018.06.14"]
[SourceQuality "1"]

1. e4 c5 2. c3 d5 3. exd5 Qxd5 4. d4 g6 5. Nf3 Bg7 6. Na3 cxd4 7. Nb5 Na6 8.
Nbxd4 Nf6 9. Bb5+ Bd7 10. Bxd7+ Nxd7 11. O-O O-O 12. Be3 Rfd8 13. Qe2 e5 14.
Nb5 e4 15. Nd2 Ndc5 16. Qc4 Qxc4 17. Nxc4 b6 18. Rad1 Rd3 19. f3 exf3 20. gxf3
Re8 21. Kf2 Be5 22. Nxe5 Rxe5 23. Bd4 Re7 24. b4 Rxd1 25. Rxd1 Ne6 26. Bf6 Rb7
27. Rd6 Nb8 28. Nd4 Rd7 29. Be5 Nxd4 30. Rxd4 Rxd4 31. cxd4 Nc6 32. b5 Nxe5 33.
dxe5 Kf8 34. Ke3 Ke7 35. h4 Ke6 36. Ke4 h6 37. f4 f6 38. exf6 Kxf6 39. Ke3 Kf5
40. Kf3 Kf6 41. Ke3 Kf5 42. Kf3 Kf6 43. Ke3 1/2-1/2

[Event "29th NATO Chess Championship"]
[Site "Lubbock"]
[Date "2018.06.08"]
[Round "7.24"]
[White "Tucker, David Sidney"]
[Black "Coulon, Dominic"]
[Result "1-0"]
[WhiteElo "1997"]
[BlackElo "1679"]
[PlyCount "55"]
[EventDate "2018.06.04"]
[EventType "swiss"]
[EventRounds "7"]
[EventCountry "USA"]
[SourceVersion "1"]
[SourceVersionDate "2018.06.14"]
[SourceQuality "1"]

1. e4 Nc6 2. Nf3 f5 3. e5 d6 4. Bb5 dxe5 5. Bxc6+ bxc6 6. Nxe5 Qd5 7. Nf3 Nf6
8. Nc3 Qd6 9. Qe2 g6 10. O-O Bg7 11. Re1 h6 12. d4 e6 13. Qc4 Nd5 14. Ne5 Bxe5
15. Rxe5 Bd7 16. a3 Kf7 17. Na4 Nb6 18. Nxb6 cxb6 19. Bf4 Qf8 20. Rae1 Re8 21.
Qa6 g5 22. Qxa7 Re7 23. Bd2 Qb8 24. Qa6 Bc8 25. Qc4 c5 26. Bc3 cxd4 27. Bxd4
Rhe8 28. Rxf5+ 1-0

[Event "29th NATO Chess Championship"]
[Site "Lubbock"]
[Date "2018.06.08"]
[Round "7.26"]
[White "Pirs, Matjaz2"]
[Black "Hendy, Jerry"]
[Result "0-1"]
[WhiteElo "1983"]
[BlackElo "1639"]
[PlyCount "65"]
[EventDate "2018.06.04"]
[EventType "swiss"]
[EventRounds "7"]
[EventCountry "USA"]
[SourceVersion "1"]
[SourceVersionDate "2018.06.14"]
[SourceQuality "1"]

1. e4 c5 2. Nf3 e6 3. c3 Nc6 4. Be2 Qc7 5. O-O Nf6 6. d3 Be7 7. Bg5 h6 8. Bh4
d6 9. Nbd2 Bd7 10. Nc4 b5 11. Ncd2 Rb8 12. d4 Qb7 13. Bd3 O-O 14. e5 dxe5 15.
dxe5 Nd5 16. Bxe7 Ncxe7 17. Qe1 Nf4 18. Be4 Bc6 19. Qe3 Neg6 20. g3 Nh3+ 21.
Kg2 Ng5 22. Nxg5 hxg5 23. f4 Rfd8 24. Bxc6 Qxc6+ 25. Kf2 gxf4 26. gxf4 c4 27.
Ke1 Rd3 28. Qe2 Rbd8 29. Ne4 Qb6 30. Rf3 Nxf4 31. Qf2 Rxf3 32. Qxf3 Qg1+ 33.
Qf1 0-1

[Event "29th NATO Chess Championship"]
[Site "Lubbock"]
[Date "2018.06.08"]
[Round "7.27"]
[White "Middaugh, Jon S"]
[Black "Smit, Jan"]
[Result "1-0"]
[WhiteElo "1918"]
[BlackElo "1850"]
[PlyCount "89"]
[EventDate "2018.06.04"]
[EventType "swiss"]
[EventRounds "7"]
[EventCountry "USA"]
[SourceVersion "1"]
[SourceVersionDate "2018.06.14"]
[SourceQuality "1"]

1. d4 d6 2. c4 Nf6 3. Nc3 g6 4. g3 Bg7 5. Bg2 O-O 6. Nf3 Nc6 7. O-O e5 8. d5
Ne7 9. h3 Ne8 10. e4 f5 11. Kh2 Nf6 12. Nh4 fxe4 13. Nxe4 Nxe4 14. Bxe4 Nf5 15.
Nf3 h6 16. Qd3 Qf6 17. Bd2 g5 18. Rad1 Ne7 19. Ng1 Bf5 20. f3 Ng6 21. Be3 Rf7
22. Kg2 Raf8 23. b4 Bxe4 24. fxe4 Qxf1+ 25. Rxf1 Rxf1 26. Qxf1 Rxf1 27. Kxf1 a6
28. Ba7 Bf6 29. Ke2 h5 30. Bb8 Bd8 31. c5 dxc5 32. bxc5 Kf7 33. Nf3 Ke8 34. d6
cxd6 35. Bxd6 Bf6 36. Nd2 Kd7 37. Nc4 h4 38. Kf3 hxg3 39. Kxg3 Be7 40. Bxe7
Kxe7 41. Kg4 Kf6 42. Nd6 Nh8 43. Nxb7 Nf7 44. c6 Ke6 45. Kh5 1-0

[Event "29th NATO Chess Championship"]
[Site "Lubbock"]
[Date "2018.06.08"]
[Round "7.28"]
[White "O'Byrne, Daniel"]
[Black "Cirkvencic, Franci"]
[Result "0-1"]
[WhiteElo "1676"]
[BlackElo "2026"]
[PlyCount "30"]
[EventDate "2018.06.04"]
[EventType "swiss"]
[EventRounds "7"]
[EventCountry "USA"]
[SourceVersion "1"]
[SourceVersionDate "2018.06.14"]
[SourceQuality "1"]

1. d4 Nf6 2. c4 e6 3. Nc3 Bb4 4. Bd2 b6 5. a3 Bxc3 6. Bxc3 Ne4 7. e3 Nxc3 8.
bxc3 O-O 9. Be2 Nc6 10. Nf3 Ba6 11. O-O Na5 12. d5 Bxc4 13. Bxc4 Nxc4 14. Qd4
Na5 15. e4 Nb3 0-1

[Event "29th NATO Chess Championship"]
[Site "Lubbock"]
[Date "2018.06.08"]
[Round "7.29"]
[White "Tremblay, Mario"]
[Black "Koopmeiners, Karl"]
[Result "1/2-1/2"]
[WhiteElo "1636"]
[BlackElo "1991"]
[PlyCount "101"]
[EventDate "2018.06.04"]
[EventType "swiss"]
[EventRounds "7"]
[EventCountry "USA"]
[SourceVersion "1"]
[SourceVersionDate "2018.06.14"]
[SourceQuality "1"]

1. e4 c5 2. c3 d5 3. exd5 Qxd5 4. d4 e6 5. Nf3 Nf6 6. Be2 Be7 7. O-O O-O 8. c4
Qd8 9. Nc3 Nc6 10. d5 exd5 11. cxd5 Nb4 12. Bc4 Bf5 13. Nh4 Bg4 14. f3 Bc8 15.
a3 Nbxd5 16. Nxd5 Nxd5 17. Bxd5 Bxh4 18. Qb3 Qc7 19. Qc4 Bf6 20. Bf4 Qb6 21.
Rfe1 Bf5 22. Be5 Rac8 23. Bxf6 Qxf6 24. Bxb7 Rb8 25. Bd5 Qd4+ 26. Qxd4 cxd4 27.
Rad1 d3 28. Be4 Bxe4 29. Rxe4 Rfd8 30. Rd2 Kf8 31. Kf2 Rxb2 32. Rxb2 d2 33.
Rxd2 Rxd2+ 34. Kg1 Rd5 35. h4 h5 36. Rf4 f6 37. g3 Rc5 38. a4 Kf7 39. Rb4 a5
40. Rd4 g5 41. Kf2 Kg6 42. hxg5 Kxg5 43. Ke3 Kg6 44. Kd3 Kf5 45. g4+ hxg4 46.
Rxg4 Rc1 47. Kd2 Ra1 48. Ke2 Ra3 49. Kf2 Ke5 50. Rc4 Kd5 51. Rf4 1/2-1/2

[Event "29th NATO Chess Championship"]
[Site "Lubbock"]
[Date "2018.06.08"]
[Round "7.31"]
[White "Ross, David C"]
[Black "Langer, Herb"]
[Result "0-1"]
[WhiteElo "1633"]
[BlackElo "1757"]
[PlyCount "104"]
[EventDate "2018.06.04"]
[EventType "swiss"]
[EventRounds "7"]
[EventCountry "USA"]
[SourceVersion "1"]
[SourceVersionDate "2018.06.14"]
[SourceQuality "1"]

1. e4 e6 2. d4 d5 3. e5 c5 4. c3 Nc6 5. Nf3 cxd4 6. cxd4 Bb4+ 7. Nc3 Nge7 8. a3
Bxc3+ 9. bxc3 Qc7 10. c4 dxc4 11. Bxc4 b5 12. Be2 Bb7 13. Bb2 O-O 14. O-O a6
15. Qc2 Rac8 16. Ng5 Nf5 17. g4 Ncxd4 18. Qd3 Nxe2+ 19. Qxe2 Nh4 20. Rac1 Qe7
21. f4 Bd5 22. Qd3 Ng6 23. f5 Qxg5 24. fxg6 Qxg4+ 25. Qg3 Qxg3+ 26. hxg3 hxg6
27. Rcd1 Rc2 28. Rf2 Rfc8 29. Bd4 Rxf2 30. Kxf2 Rc2+ 31. Ke3 Rg2 32. Kf4 Re2
33. Rd3 Kh7 34. g4 Rh2 35. Rc3 Bc4 36. Kg3 Rd2 37. Be3 Rd3 38. Rxd3 Bxd3 39. g5
Kg8 40. Bc5 f6 41. Kf4 Kf7 42. Bd6 a5 43. Bc5 f5 44. Bb6 b4 45. Bxa5 bxa3 46.
Bc3 a2 47. Ke3 Bc4 48. Kd2 f4 49. Bd4 Ke7 50. Kc3 Bd5 51. Kb2 Kd7 52. Bf2 Kc6
0-1

[Event "29th NATO Chess Championship"]
[Site "Lubbock"]
[Date "2018.06.08"]
[Round "7.32"]
[White "Simard, Francois"]
[Black "Papler, Peter"]
[Result "0-1"]
[WhiteElo "1821"]
[BlackElo "1646"]
[PlyCount "46"]
[EventDate "2018.06.04"]
[EventType "swiss"]
[EventRounds "7"]
[EventCountry "USA"]
[SourceVersion "1"]
[SourceVersionDate "2018.06.14"]
[SourceQuality "1"]

1. d4 Nf6 2. c4 c5 3. e3 Nc6 4. d5 Nb4 5. Nc3 e5 6. a3 Na6 7. Nf3 d6 8. e4 Be7
9. Be2 O-O 10. O-O Nc7 11. Ne1 Nfe8 12. f4 exf4 13. Bxf4 Bg5 14. Nd3 Bxf4 15.
Rxf4 Qg5 16. Bg4 Nf6 17. Bxc8 Raxc8 18. Qf3 Rce8 19. Re1 Re7 20. Rf5 Qh6 21. g4
Qh4 22. h3 Nce8 23. Nxc5 Qxe1+ 0-1